Tourist Route of Asia - Statistics

General Stats
  • This quiz has been taken 1,069 times
  • The average score is 13 of 20
Answer Stats
Clue Type Country Destination % Correct
The transcontinental city City Turkey Istanbul
96%
First climbed by Edmund Hillary Mountain Nepal / China Mount Everest
89%
It can be seen from space... apparently Wall China Great Wall of China
87%
The Hajj City Saudi Arabia Mecca
85%
Saltiest Lake in the World Lake Israel / Jordan Dead Sea
84%
White Mughal Palace Monument India Taj Mahal
84%
The perfect cone Volcano Japan Mount Fuji
82%
Sacred River River Bangladesh / India River Ganges
76%
Old Capital City Japan Kyoto
73%
China's gambling center City China Macau
72%
Largest temple Monument Cambodia Angkor Wat
64%
Hindu island Island Indonesia Bali
63%
The Rose City Historical City Jordan Petra
63%
Patong Beach, Bangla Road, Phang Nga Bay Resort Thailand Phuket
59%
Tallest building Skyscraper UAE Burj Khalifa
57%
Marina Bay, _______ Flyer City - Singapore
53%
1989 Massacre Square China Tiananmen Square
49%
Contains 3000 limestone islands Bay Vietnam Ha Long Bay
36%
Largest power station in the world Dam China Three Gorges Dam
32%
9 Century Buddhist Temple Monument Indonesia Borobudur
18%
No matching quizzes found
Score Distribution
Percent of People with Each Score
Percentile by Number Answered
Your Score History
You have not taken this quiz